Efekty státní podpory podniků

Dôvody vlád pre poskytovanie štátnej pomoci podnikom. Popis teoretických koncepcií, ktoré súvisia s vládnymi dotáciami podnikom. Odhady rozsahu verejnej pomoci podnikom v období transformácie českej ekonomiky. Efekty štátnych dotácií na národnej a nadnárodnej úrovni.

Uložené v:
Podrobná bibliografia
Hlavný autor: Zemplinerová, Alena
Médium: Kapitola
Jazyk:Czech
Predmet:
Tagy: Pridať tag
Žiadne tagy, Buďte prvý, kto otaguje tento záznam!

MARC

LEADER 00000naa$a2200000$$$4500
001 0043388
005 20231019130847.7
041 0 |a cze 
044 |a CZ 
245 1 0 |a Efekty státní podpory podniků  |c Alena Zemplinerová 
520 |a Dôvody vlád pre poskytovanie štátnej pomoci podnikom. Popis teoretických koncepcií, ktoré súvisia s vládnymi dotáciami podnikom. Odhady rozsahu verejnej pomoci podnikom v období transformácie českej ekonomiky. Efekty štátnych dotácií na národnej a nadnárodnej úrovni. 
610 2 0 |a pomoc štátna 
610 2 0 |a podpora podnikania 
610 2 0 |a efektívnosť ekonomická 
610 2 0 |a podnik 
610 2 0 |a dotácie štátne 
610 2 0 |a vláda 
610 2 0 |a Česko 
610 2 0 |a transformácia 
100 1 |a Zemplinerová, Alena